书目信息 |
| 题名: |
魏晋南北朝诗
|
|
| 作者: | 傅璇琮 主编 | |
| 分册: | ||
| 出版信息: | 山东 泰山出版社 2007.04 |
|
| 页数: | 201页 | |
| 开本: | 20cm | |
| 丛书名: | ||
| 单 册: | ||
| 中图分类: | I222.735 | |
| 科图分类: | ||
| 主题词: | 诗歌--中国 , 韵文--中国 | |
| 电子资源: | ||
| ISBN: | 978-7-80634-579-5 | |
| 000 | 00541nam0 2200193 450 | |
| 001 | 0854354971 | |
| 005 | 20080923150750.95 | |
| 010 | @a978-7-80634-579-5@dCNY19.50 | |
| 100 | @a20080923d2007 km y0chiy0120 ea | |
| 101 | 0 | @achi |
| 200 | 1 | @a魏晋南北朝诗@Awei jin nan bei chao shi@f傅璇琮主编@Ffu xuan cong zhu bian |
| 210 | @a山东@c泰山出版社@d2007.04 | |
| 215 | @a201页@d20cm | |
| 606 | 0 | @a诗歌@x中国 |
| 606 | 0 | @a韵文@x中国 |
| 690 | @aI222.735@v4 | |
| 701 | 0 | @a傅璇琮@Afu xuan cong@4主编 |
| 801 | 0 | @aCN@c20080923 |
| 905 | @dI222.735@eF960 | |
| 魏晋南北朝诗/傅璇琮主编.-山东:泰山出版社,2007.04 |
| 201页;20cm |
| ISBN 978-7-80634-579-5:CNY19.50 |
| ● |
| 相关链接 |
|
|
|
正题名:魏晋南北朝诗
索取号:I222.735/F960
 
预约/预借
| 序号 | 登录号 | 条形码 | 馆藏地/架位号 | 状态 | 备注 |
| 1 | 678369 | 206783694 | 文学库108/108文学库 16排4列4层/ [索取号:I222.735/F960] | 在馆 | |
| 2 | 678370 | 206783701 | 文学库108/108文学库 16排4列4层/ [索取号:I222.735/F960] | 在馆 | |
| 3 | 678371 | 206783710 | 文学库108/108文学库 16排4列4层/ [索取号:I222.735/F960] | 在馆 |